| 000 | 00837nam a22002777a 4500 | ||
|---|---|---|---|
| 001 | 7459 | ||
| 003 | FISKH | ||
| 005 | 20250716162323.0 | ||
| 008 | 250716b cb ||||| |||| 00| 0 eng d | ||
| 020 | _a9780531227800 | ||
| 040 |
_aFISKH _beng _cFISKH _dFISKH |
||
| 050 | _aT2389 | ||
| 082 | _a004 | ||
| 100 | _aTaylor-Butler, Christine | ||
| 245 |
_aComputers / _cBy Christine Taylor-Butler |
||
| 260 |
_aNew York : _bScholastic , _c2017. |
||
| 300 |
_a48 pages : _bcolor illustrations ; _c21 cm. |
||
| 490 | _aA true book | ||
| 505 | _aZ | ||
| 520 | _a"Learn all about the history of computers, from how they were first invented to how they impact our lives today."-- | ||
| 521 | 8 |
_a920
_bLexile |
|
| 521 | 8 |
_aZ
_bRaz-Plus |
|
| 650 |
_aComputer technology _vNon-fiction |
||
| 942 |
_2ddc _cBK _n0 |
||
| 999 |
_c7459 _d7459 |
||